London's business park potential. (Record no. 61059)

MARC details
000 -LEADER
fixed length control field 00574cam a2200169 4500
001 - CONTROL NUMBER
control field WB3524-18
008 - FIXED-LENGTH DATA ELEMENTS--GENERAL INFORMATION
fixed length control field 000000n 000 0 eng u
035 ## - SYSTEM CONTROL NUMBER
System control number (Sirsi) u101965
245 ## - TITLE STATEMENT
Title London's business park potential.
490 ## - SERIES STATEMENT
Series statement Estates Gazette
Volume/sequential designation (9924) 19 June 1999, 42(1)
520 ## - SUMMARY, ETC.
Summary, etc. The London Planning Advisory Committee has suggested that parking regulations should be loosened to allow business park development in greater London.
650 ## - SUBJECT ADDED ENTRY--TOPICAL TERM
Topical term or geographic name entry element LONDON
650 ## - SUBJECT ADDED ENTRY--TOPICAL TERM
Topical term or geographic name entry element LPAC
650 ## - SUBJECT ADDED ENTRY--TOPICAL TERM
Topical term or geographic name entry element BUSINESS PARKS
690 ## - LOCAL SUBJECT ADDED ENTRY--TOPICAL TERM (OCLC, RLIN)
Topical term or geographic name as entry element PROPERTY-PROPERTY DEVELOPMENT
942 ## - ADDED ENTRY ELEMENTS (KOHA)
Suppress in OPAC 0
Holdings
Withdrawn status Lost status Source of classification or shelving scheme Damaged status Not for loan Home library Current library Shelving location Date acquired Total Checkouts Full call number Barcode Date last seen Copy number Price effective from Koha item type
    Dewey Decimal Classification     London London News article 15/11/1999   WB3524-18 101965-1001 06/08/2019 1 06/08/2019 News article